Teoría y problemas de diseño de máquinas

Guardat en:
Dades bibliogràfiques
Autors principals: Hall, Allen Strickland (Autor), Holowenko, Alfred R (Autor), Laughlin, Herman G (Autor)
Format: Llibre
Idioma:espanyol
Publicat: Ciudad de México McGraw-Hill 1971
Col·lecció:Serie de Compendios Schaum
Matèries:
Etiquetes: Afegir etiqueta
Sense etiquetes, Sigues el primer a etiquetar aquest registre!

MARC

LEADER 00000cam a2200000 a 4500
001 UCV4264
003 CL-VaPUC
008 910128e19710000MX |||||||||||||||||spa|d
082 0 4 |a 621.815  |b HAL  |2 21 
100 |a Hall, Allen Strickland  |e author  |9 483368 
700 0 |a Holowenko, Alfred R  |e author  |9 298563 
700 0 |a Laughlin, Herman G  |e author  |9 298564 
245 1 0 |a Teoría y problemas de diseño de máquinas 
300 |a 344 p 
942 |c BK 
945 |d 19910128 00:00:00 
260 |a Ciudad de México  |b McGraw-Hill  |c 1971 
650 0 |a Maquinaria  |9 260482 
650 0 |a Diseño  |9 260483 
650 0 |a Problemas, ejercicios, etc  |9 259377 
583 |a last modification  |c 20131021 05:36:53  |k Rodrigo Vera 
490 0 |a Serie de Compendios Schaum 
999 |c 211185  |d 211183 
952 |0 0  |1 0  |4 0  |6 621_815000000000000_HAL_1971  |7 0  |8 A  |9 189509  |a BIBING  |b BIBING  |d 2019-11-14  |i 257165K  |l 2  |m 2  |o 621.815 HAL 1971  |p 257165K  |r 2025-04-03  |s 2025-04-03  |w 2019-11-14  |y BK  |k ING 
952 |0 0  |1 0  |4 0  |6 621_815000000000000_HAL_1971  |7 0  |8 A  |9 189510  |a BIBING  |b BIBING  |d 2019-11-14  |i 1719378  |o 621.815 HAL 1971  |p 1719378  |r 2025-01-20  |w 2019-11-14  |y BK  |k EIQ 
952 |0 0  |1 0  |4 0  |6 621_815000000000000_HAL_1971  |7 0  |8 A  |9 189511  |a BIBCUR  |b BIBCUR  |d 2019-11-14  |i 3227847  |o 621.815 HAL 1971  |p 3227847  |r 2025-04-22  |w 2019-11-14  |y BK  |k BCB 
952 |0 0  |1 0  |4 0  |6 621_815000000000000_HAL_1971  |7 0  |8 A  |9 189512  |a BIBCUR  |b BIBCUR  |d 2019-11-14  |i 1780778  |o 621.815 HAL 1971  |p 1780778  |r 2025-04-22  |w 2019-11-14  |y BK  |k BCB 
952 |0 0  |1 0  |3 erb  |4 0  |6 621_815000000000000_HAL_1971  |7 0  |8 A  |9 189513  |a BIBMEC  |b BIBMEC  |d 2019-11-14  |i 5024803  |o 621.815 HAL 1971  |p 5024803  |r 2019-11-14  |w 2019-11-14  |y BK  |z Catalogado en:20131025  |k MEC